000 00499nam a2200181Ia 4500
008 090124s9999 xx 000 0 und d
082 _b31075
_a2204
100 _aघाटे निरंजन.
245 _a 11 सप्टेंबर
250 _a1
260 _c2001
300 _a80
600 _aघाटे निरंजन.
630 _a 11 सप्टेंबर
700 _aघाटे निरंजन.
730 _a 11 सप्टेंबर
942 _cBOOK
999 _c144554
_d144554